Entomologia de Catalunya. Hemípters : fascicle I : generalitats i classificació, famílies / per Ascensi Codina i Ferrer fascicle I :
Descripción Física:
150 p., 3 f. de làm. ; 28 cm
Colección:
Fauna de Catalunya
Materias:
Hemípters -- Catalunya
MARC
| LEADER | 00000nam a2200000Ia 4500 | ||
|---|---|---|---|
| 001 | 8650 | ||
| 008 | 160829s9999 xx 000 0 cat d | ||
| 080 | |a C-2-150 | ||
| 100 | |a Codina i Ferrer, Ascensi |9 19844 | ||
| 245 | |a Entomologia de Catalunya. Hemípters : |b fascicle I : |b generalitats i classificació, famílies / per Ascensi Codina i Ferrer | ||
| 260 | |a Barcelona : |b Institut d'Estudis Catalans, Secció de Ciències, [s.a.] | ||
| 300 | |a 150 p., 3 f. de làm. ; |c 28 cm | ||
| 490 | |a Fauna de Catalunya | ||
| 650 | |a Hemípters |x Catalunya |9 20049 | ||
| 710 | 1 | |a Institut d'Estudis Catalans. |b Secció de Ciències |9 54840 | |
| 901 | |a Arxiu | ||
| 942 | |n 1 | ||
| 952 | |0 0 |1 0 |4 0 |6 C2150 |7 1 |9 41417 |a Arxiu |b Arxiu |d 2016-12-01 |l 0 |o C-2-150 |p 8650 |r 2016-12-01 00:00:00 |w 2016-12-01 |y ARXIU | ||
| 999 | |c 43224 |d 43224 | ||